LIGHT ON YOGA THE CLASSIC GUIDE TO YOGA (Record no. 23853)

MARC details
000 -LEADER
fixed length control field 00350nam a2200133Ia 4500
008 - FIXED-LENGTH DATA ELEMENTS--GENERAL INFORMATION
fixed length control field 240624s9999 xx 000 0 und d
041 ## - LANGUAGE CODE
Language code of text/sound track or separate title eng
082 ## - DEWEY DECIMAL CLASSIFICATION NUMBER
Classification number 828 MEN
100 ## - MAIN ENTRY--PERSONAL NAME
Personal name IYENGAR B K S
245 ## - TITLE STATEMENT
Title LIGHT ON YOGA THE CLASSIC GUIDE TO YOGA
260 ## - PUBLICATION, DISTRIBUTION, ETC.
Date of publication, distribution, etc. 2013
Place of publication, distribution, etc. New Delhi
Name of publisher, distributor, etc. HarperCollins India
300 ## - PHYSICAL DESCRIPTION
Extent 544 : p. : cm. ; 19
365 ## - TRADE PRICE
Currency code RS
Price amount 25
Holdings
Withdrawn status Lost status Damaged status Not for loan Home library Current library Shelving location Date acquired Source of acquisition Cost, normal purchase price Full call number Barcode Date last seen Copy number Price effective from Koha item type
        IMTN IMTN Rack 42-A 11/13/2014 WBD 499.00 828 MEN 23853 06/24/2024 1 06/24/2024 Books
Designed & Maintained by: LRC IMT Nagpur Contact: lrc@imtnag.ac.in© 2024. All Rights Reserved.